Datum a čas kvízu
24
Celkem bodů
Celkový počet nahraných bodů na tomto kvízu bez doplňovacích otázek.
7.
Pořadí na kvízu
Konečné umístění týmu na tomto kvízu.
Zaznamenané odpovědi
| # | Otázka | Odpověď | Body | Výsledky |
|---|---|---|---|---|
| 2. | Který ze členů britské královs... | princ Andrew | 1 | |
| 3. | Počátkem týdne jsme se dozvědě... | Katy Perry; Justin Trudeau | 0.5 | |
| 4. | Která společnost se umístila n... | Apple | 0 | |
| 5. | Při pokračování kvalifikace fo... | D) krysa | 1 | |
| 1. | Minulý čtvrtek byl na několik... | Metrouš | 1 | |
| 6. | Napište jméno pouště na obrázk... | Namib (Namibská poušť) | 1 | |
| 7. | Uveďte, kterým čtyřpísmenným p... | vádí | 1 | |
| 8. | Vyberte, se kterým živočichem... | B | 0 | |
| 9. | Vojáci Československého pěšího... | Tobruk | 1 | |
| 10. | Který spisovatel je autorem vě... | Frank Herbert | 0 |